[Event "2.ligaD04/05-10"]
[Site "?"]
[Date "????.??.??"]
[Round "?"]
[White "Moulis, Mojmir"]
[Black "Kozlicek, Lubomir"]
[Result "0-1"]
[WhiteElo "2087"]
[BlackElo "2147"]
[PlyCount "80"]

1. e4 d5 2. exd5 Nf6 3. d4 Nxd5 4. Nf3 Bg4 5. Be2 e6 6. c4 Nb6 7. b3 Bb4+ 8.
Kf1 Be7 9. Bb2 O-O 10. Ne5 Bxe2+ 11. Qxe2 N8d7 12. Nf3 a5 13. a4 c5 14. Nbd2
cxd4 15. Nxd4 Nc5 16. Rd1 Qc7 17. N2f3 Nbd7 18. h4 Qf4 19. Qc2 Nf6 20. Rh3 Rfd8
21. Ng5 h6 22. Ngf3 Qe4 23. Qxe4 Nfxe4 24. Ke2 Bf6 25. Rb1 e5 26. Nb5 Rac8 27.
Ba3 Nd3 28. g3 Ndxf2 29. Rh2 Ng4 30. Rg2 Rd7 31. Ne1 h5 32. Rc1 Rcd8 33. Nc3
Nxc3+ 34. Rxc3 Rd2+ 35. Kf1 e4 36. Rxd2 Rxd2 37. Rc1 Bd4 38. Nc2 Rf2+ 39. Ke1
Bc3+ 40. Kd1 Rd2+ 0-1

[Event "2.ligaD04/05-10"]
[Site "?"]
[Date "????.??.??"]
[Round "?"]
[White "Novotny, Bohuslav"]
[Black "Simbera, Jiri"]
[Result "1-0"]
[WhiteElo "2111"]
[BlackElo "2076"]
[PlyCount "71"]

1. e4 g6 2. d4 Bg7 3. f4 d5 4. e5 h5 5. Nf3 Nh6 6. Bd3 Bf5 7. O-O O-O 8. c4 e6
9. Nc3 c6 10. Be3 Na6 11. Bf2 Nb4 12. Bxf5 Nxf5 13. Qb3 Qe7 14. a3 Na6 15. cxd5
cxd5 16. Rac1 Rfc8 17. Rc2 Rc6 18. Rfc1 Bh6 19. g3 Qc7 20. Na4 Bf8 21. h3 Rc8
22. Rxc6 bxc6 23. Kg2 Qb8 24. Qd1 Qb5 25. b4 Nb8 26. Nc5 Be7 27. g4 hxg4 28.
hxg4 Nh6 29. Ng5 a5 30. Qf3 axb4 31. axb4 Qxb4 32. Rh1 Bf8 33. Ncxe6 fxe6 34.
Qd3 Nf5 35. gxf5 exf5 36. Rh8+ 1-0

[Event "2.ligaD04/05-10"]
[Site "?"]
[Date "????.??.??"]
[Round "?"]
[White "Kucera, Vladislav"]
[Black "Bina, Josef"]
[Result "0-1"]
[WhiteElo "2053"]
[BlackElo "2062"]
[PlyCount "58"]

1. e4 d5 2. exd5 Qxd5 3. Nc3 Qa5 4. Rb1 Nf6 5. a3 c6 6. Nge2 Bf5 7. g3 e6 8. b4
Qc7 9. Bg2 Nbd7 10. d4 Rd8 11. Bf4 Bd6 12. Bxd6 Qxd6 13. O-O h5 14. h4 O-O 15.
Qc1 Nb6 16. b5 Nbd5 17. Nxd5 cxd5 18. Rb4 Rc8 19. c4 b6 20. Qe3 dxc4 21. Ra4
Rc7 22. Rc1 Rfc8 23. Bc6 Nd5 24. Qg5 Bg4 25. Qd2 Ne7 26. Rcxc4 Nxc6 27. Rxc6
Rxc6 28. bxc6 Rc7 29. Nc3 Qxc6 0-1

[Event "2.ligaD04/05-10"]
[Site "?"]
[Date "????.??.??"]
[Round "?"]
[White "Vachtfeidl, Petr"]
[Black "Komprda, Pavel"]
[Result "1-0"]
[WhiteElo "2022"]
[BlackElo "2090"]
[PlyCount "45"]

1. e4 c5 2. d4 cxd4 3. c3 d5 4. exd5 Qxd5 5. cxd4 Nc6 6. Nf3 Bg4 7. Nc3 Qh5 8.
Be2 e6 9. Bf4 Nf6 10. O-O Nd5 11. Bg3 Qf5 12. h3 Bh5 13. Ne5 Bxe2 14. Qxe2 Nxc3
15. bxc3 Be7 16. Rab1 Nxe5 17. Bxe5 f6 18. g4 Qg6 19. Bg3 f5 20. Rxb7 h5 21.
Qb5+ Kf7 22. Rxe7+ Kxe7 23. Qb7+ 1-0

[Event "2.ligaD04/05-10"]
[Site "?"]
[Date "????.??.??"]
[Round "?"]
[White "Kubicek, Pavel"]
[Black "Hron, Robert"]
[Result "0-1"]
[WhiteElo "1891"]
[BlackElo "2115"]
[PlyCount "136"]

1. e4 c6 2. d4 d5 3. exd5 cxd5 4. Bd3 Nc6 5. c3 g6 6. Bg5 Bg7 7. Nf3 Bg4 8.
Nbd2 Nf6 9. h3 Bxf3 10. Nxf3 O-O 11. O-O Qb6 12. Qe2 Rfe8 13. Rab1 Rac8 14.
Rfe1 Nd7 15. Qd2 Na5 16. Rxe7 Rxe7 17. Bxe7 Nc4 18. Bxc4 Rxc4 19. Re1 Rc6 20.
Ba3 Re6 21. Qg5 Nf6 22. Qf4 Rxe1+ 23. Nxe1 Qd8 24. Nf3 Ne8 25. Ne5 Qc7 26. Qe3
Nf6 27. f4 Ne4 28. Nf3 Qc4 29. Nd2 Qxa2 30. Nxe4 Qb1+ 31. Kf2 Qxe4 32. Qxe4
dxe4 33. d5 f5 34. Bc5 b6 35. Bd6 Bf8 36. Bb8 Bc5+ 37. Ke2 b5 38. d6 Kf7 39. b4
Bb6 40. d7 Ke7 41. g4 Kxd7 42. Be5 a6 43. Bg7 Kc6 44. Kd2 Kd5 45. Be5 Kc4 46.
Ke2 a5 47. bxa5 Bxa5 48. Kd2 e3+ 49. Kxe3 Bxc3 50. Bd6 b4 51. Ke2 b3 52. Kd1
Kd3 53. Kc1 Ke4 54. Bc7 fxg4 55. hxg4 Kf3 56. Be5 Bb4 57. f5 gxf5 58. gxf5 Ke4
59. Bg3 Ba3+ 60. Kd2 Bb4+ 61. Kc1 Bc3 62. Bd6 Kxf5 63. Ba3 Kg4 64. Kd1 Kf3 65.
Bd6 h5 66. Bc7 h4 67. Kc1 h3 68. Kd1 Kg2 0-1

[Event "2.ligaD04/05-10"]
[Site "?"]
[Date "2005.03.20"]
[Round "?"]
[White "Tuma, Jiri"]
[Black "Vecera, Pavel"]
[Result "0-1"]
[WhiteElo "2217"]
[BlackElo "2175"]
[PlyCount "158"]

{96MB, HOME-LZ1QVMPENS} 1. e4 c5 2. Nf3 d6 3. d4 cxd4 4. Nxd4 Nf6 5. Nc3 Nc6 6.
g3 Qb6 7. Nb3 Bg4 8. f3 Be6 9. Qe2 g6 10. Be3 Qc7 11. Nb5 Qc8 12. N5d4 Bg7 13.
Nxe6 Qxe6 14. Bg2 d5 15. Nc5 Qc8 16. c3 dxe4 17. Nxe4 Nxe4 18. fxe4 O-O 19. O-O
Qe6 20. Qb5 Rad8 21. Rf2 b6 22. Qa4 Ne5 23. Raf1 Qc4 24. Qxc4 Nxc4 25. Bg5 f6
26. Bc1 Rd3 27. Bh3 Kf7 28. Re1 Ne5 29. Bf1 Rdd8 30. Be2 Nd3 31. Bxd3 Rxd3 32.
e5 f5 33. e6+ Kg8 34. Kf1 Bf6 35. Bh6 Rfd8 36. Ree2 Bg7 37. Bf4 h5 38. Rd2 b5
39. Rfe2 Bf6 40. h4 Kf8 41. Ke1 Rxd2 42. Rxd2 Rc8 43. Rd3 Rc6 44. Re3 Rc4 45.
Ke2 Ke8 46. Kf3 a6 47. Re2 Kd8 48. Rd2+ Kc8 49. Re2 Kb7 50. Rd2 Re4 51. Rd8
Rxe6 52. Rg8 Re1 53. Rxg6 Rb1 54. Rh6 Rxb2 55. Rxh5 e6 56. Rh6 Bxc3 57. Rxe6
Rxa2 58. Be3 b4 59. h5 a5 60. h6 Rh2 61. Rb6+ Kc7 62. Rb5 a4 63. Rxf5 a3 64.
Ra5 a2 65. g4 Rh3+ 66. Kg2 Rxe3 67. Rxa2 Be5 68. g5 Rg3+ 69. Kf2 Rxg5 70. h7 b3
71. Re2 Bd4+ 72. Kf3 Rh5 73. Ke4 Bg7 74. Kd3 Rxh7 75. Kc4 b2 76. Re1 Rh3 77.
Rg1 Rc3+ 78. Kb4 Rc1 79. Rxg7+ Kd6 0-1

[Event "2.ligaD04/05-10"]
[Site "?"]
[Date "2005.03.20"]
[Round "?"]
[White "Krondraf, Karel"]
[Black "Senkyr, Vladimir"]
[Result "0-1"]
[WhiteElo "2153"]
[BlackElo "2149"]
[PlyCount "92"]

{96MB, HOME-LZ1QVMPENS} 1. e4 Nf6 2. e5 Nd5 3. d4 d6 4. Nf3 Bg4 5. Be2 e6 6. c4
Ne7 7. exd6 Qxd6 8. h3 Bxf3 9. Bxf3 Nbc6 10. d5 exd5 11. cxd5 Ne5 12. Nc3 O-O-O
13. Bf4 N7g6 14. Bg3 Nxf3+ 15. Qxf3 Re8+ 16. Kf1 Qa6+ 17. Kg1 Bd6 18. Rc1 Kb8
19. Ne4 Ne5 20. Qc3 f6 21. Kh2 Ng4+ 22. hxg4 Rxe4 23. f3 Bxg3+ 24. Kxg3 Qd6+
25. Kf2 Re5 26. Rhd1 Rd8 27. Qc4 a6 28. a4 Rd7 29. f4 Rxd5 30. Rxd5 Qxd5 31.
Qxd5 Rxd5 32. Re1 Rd2+ 33. Kf3 Rxb2 34. Re8+ Ka7 35. Re7 Rb3+ 36. Ke4 Rb4+ 37.
Kf5 g6+ 38. Kxf6 Rxf4+ 39. Kg5 Rxa4 40. Rxh7 Rc4 41. Rg7 b5 42. Rxg6 b4 43. Rf6
b3 44. Rf1 Rc2 45. g3 b2 46. Rb1 a5 0-1

[Event "2.ligaD04/05-10"]
[Site "?"]
[Date "2005.03.20"]
[Round "?"]
[White "Jurek, Miroslav"]
[Black "Vasut, Karel"]
[Result "1/2-1/2"]
[WhiteElo "2127"]
[BlackElo "2136"]
[PlyCount "113"]

{96MB, HOME-LZ1QVMPENS} 1. e4 Nc6 2. d4 d5 3. e5 Bf5 4. c3 f6 5. f4 Nh6 6. Bd3
Qd7 7. Ne2 e6 8. Ng3 Bxd3 9. Qxd3 f5 10. Nd2 Be7 11. Nf3 a5 12. Ng5 a4 13. Qf3
Nd8 14. Ne2 Ra6 15. h3 Qb5 16. g4 Kd7 17. Ng3 g6 18. gxf5 Nxf5 19. Nxf5 gxf5
20. Qe2 Kc6 21. Qxb5+ Kxb5 22. Be3 h6 23. Nf3 Rg8 24. Rg1 Rxg1+ 25. Nxg1 Nc6
26. Nf3 Ra8 27. O-O-O Rg8 28. Rg1 Rxg1+ 29. Bxg1 Na5 30. Bf2 Kc6 31. Kc2 Kd7
32. b3 a3 33. Be1 b6 34. b4 Nc4 35. Bf2 Kd8 36. h4 h5 37. Nd2 Kd7 38. Kd3 Nb2+
39. Kc2 Kc6 40. Nb1 Nc4 41. Kb3 Bf8 42. Nxa3 Nd2+ 43. Kc2 Ne4 44. Be1 Bh6 45.
Kd3 Bxf4 46. b5+ Kd7 47. c4 dxc4+ 48. Nxc4 Bg3 49. Bxg3 Nxg3 50. Ke3 Ne4 51.
Kd3 Ke7 52. Ne3 Nf2+ 53. Ke2 Ne4 54. Kd3 Nf2+ 55. Ke2 Ne4 56. Kd3 Nf2+ 57. Ke2
1/2-1/2

[Event "2.ligaD04/05-10"]
[Site "?"]
[Date "2005.03.20"]
[Round "?"]
[White "Fisar, Josef"]
[Black "Belousek, Michal"]
[Result "1-0"]
[WhiteElo "2038"]
[BlackElo "2146"]
[PlyCount "123"]

{96MB, HOME-LZ1QVMPENS} 1. f4 c5 2. e3 g6 3. Nf3 Bg7 4. d4 cxd4 5. exd4 Nf6 6.
Bd3 d6 7. O-O O-O 8. Qe1 Nc6 9. c3 e5 10. fxe5 Re8 11. Qh4 dxe5 12. Bg5 e4 13.
Bxe4 Rxe4 14. Qxe4 Nxe4 15. Bxd8 Nxd8 16. Nbd2 Nxd2 17. Nxd2 Bf5 18. Rae1 Nc6
19. Nf3 h6 20. Re3 Rd8 21. Rd1 Be6 22. b3 Bf6 23. Kf2 g5 24. h3 Ne7 25. Red3
Bf5 26. R3d2 Nd5 27. Rc1 g4 28. hxg4 Bxg4 29. Rd3 Bf5 30. Rdd1 Nf4 31. Ne5 Bxe5
32. dxe5 Nd3+ 33. Ke3 Rd5 34. Rc2 Rxe5+ 35. Kd4 Re8 36. Rcd2 Ne5 37. c4 Bg4 38.
Rf1 Rd8+ 39. Kc3 Rxd2 40. Kxd2 Kg7 41. Ke3 Be6 42. Kd4 Nd7 43. Rf3 h5 44. Rg3+
Kf6 45. Rg8 Ke7 46. Ra8 a6 47. Ra7 Kd6 48. Rxb7 Kc6 49. Ra7 Nb8 50. c5 h4 51.
b4 Bd5 52. Ra8 Bxg2 53. Rxb8 h3 54. Rb6+ Kc7 55. Rh6 f6 56. a4 Kb7 57. b5 axb5
58. axb5 Bf1 59. Rh7+ Kc8 60. b6 Bg2 61. c6 Bxc6 62. Rc7+ 1-0

[Event "2.ligaD04/05-10"]
[Site "?"]
[Date "2005.03.20"]
[Round "?"]
[White "Jelinek, Vaclav"]
[Black "Pavlis, Jaromir"]
[Result "1/2-1/2"]
[WhiteElo "2131"]
[BlackElo "2109"]
[PlyCount "24"]

{96MB, HOME-LZ1QVMPENS} 1. g3 Nf6 2. Bg2 d5 3. Nf3 c6 4. O-O Bg4 5. h3 Bxf3 6.
Bxf3 e5 7. c4 dxc4 8. Qc2 Qd7 9. Bg2 Qe6 10. Nc3 Nbd7 11. Nd1 Bc5 12. Ne3 Bxe3
1/2-1/2

[Event "2.ligaD04/05-10"]
[Site "?"]
[Date "2005.03.20"]
[Round "?"]
[White "Bilek, Roman"]
[Black "Motacek, Vladimir"]
[Result "0-1"]
[WhiteElo "2108"]
[BlackElo "2061"]
[PlyCount "150"]

{96MB, HOME-LZ1QVMPENS} 1. d4 {[%emt 0:00:00]} 1... Nf6 2. c4 c5 3. d5 e6 4.
Nc3 exd5 5. cxd5 d6 6. e4 g6 7. Nf3 Bg7 8. Be2 O-O 9. O-O Bg4 10. Nd2 Bxe2 11.
Qxe2 Re8 12. f3 Na6 13. Nc4 Nc7 14. a4 Nfxd5 15. Nxd5 Nxd5 16. Rd1 Bd4+ 17. Kh1
Qf6 18. Qd2 Nb4 19. Qf4 Qe6 20. Ne3 Rad8 21. Ng4 f5 22. Nh6+ Kg7 23. h4 fxe4
24. fxe4 Rf8 25. Qg4 Qxg4 26. Nxg4 Kg8 27. Nh6+ Kg7 28. Ng4 Rf7 29. Bh6+ Kh8
30. Rf1 Rdd7 31. Rab1 Nd3 32. b3 Bg7 33. Rxf7 Rxf7 34. Bxg7+ Kxg7 35. Rd1 Ne5
36. Nxe5 dxe5 37. Rd5 Rf4 38. Rxe5 Rxh4+ 39. Kg1 Kf6 40. Re8 Kf7 41. Rb8 Rxe4
42. Rxb7+ Re7 43. Rb5 Rc7 44. a5 Ke6 45. Kf2 Kd5 46. Ke3 Kc6 47. Rb8 Rb7 48.
Rc8+ Kb5 49. Kf4 Kxa5 50. Rxc5+ Kb4 51. Rc1 Ka3 52. g4 Kb2 53. Rh1 Re7 54. b4
Rb7 55. Kg5 h5 56. gxh5 gxh5 57. Rh4 Rb5+ 58. Kf6 Kb3 59. Ke6 Rg5 60. Kd6 Rg4
61. Rxh5 Kxb4 62. Rh7 a5 63. Rb7+ Kc3 64. Ra7 a4 65. Kd5 Kb3 66. Kc5 a3 67.
Rb7+ Kc2 68. Rh7 a2 69. Rh2+ Kb3 70. Rh3+ Ka4 71. Rh1 Rg2 72. Kc4 Rc2+ 73. Kd3
Kb3 74. Rh8 Rc3+ 75. Kd2 a1=Q 0-1

[Event "2.ligaD04/05-10"]
[Site "?"]
[Date "2005.03.20"]
[Round "?"]
[White "Sykora, Karel"]
[Black "Riha, Otmar"]
[Result "1/2-1/2"]
[WhiteElo "2119"]
[BlackElo "1993"]
[PlyCount "40"]

{96MB, HOME-LZ1QVMPENS} 1. c4 Nf6 2. Nc3 g6 3. g3 Bg7 4. Bg2 c6 5. Nf3 O-O 6.
d4 d5 7. O-O Nbd7 8. cxd5 cxd5 9. Bg5 b6 10. Rc1 Bb7 11. Qb3 Rc8 12. Rfd1 h6
13. Bf4 a6 14. Ne5 g5 15. Be3 e6 16. Nxd7 Nxd7 17. f3 Qe7 18. Bf2 Rc4 19. e4
Rfc8 20. a3 Qd6 1/2-1/2

[Event "2.ligaD04/05-10"]
[Site "?"]
[Date "2005.03.23"]
[Round "?"]
[White "Oburka, Vladislav"]
[Black "Sedlacek, Mojmir"]
[Result "0-1"]
[WhiteElo "1831"]
[BlackElo "1977"]
[PlyCount "82"]

{96MB, HOME-LZ1QVMPENS} 1. e4 d5 2. exd5 Qxd5 3. Nc3 Qd8 4. d4 Nf6 5. Nf3 c6 6.
h3 g6 7. Be3 Bg7 8. Bc4 O-O 9. O-O Nbd7 10. Qd2 Nb6 11. Bb3 Nbd5 12. Nxd5 cxd5
13. Bh6 Ne4 14. Qe3 e6 15. Bxg7 Kxg7 16. c3 Nd6 17. Ne5 Nf5 18. Qf4 f6 19. Nd3
b6 20. Rfe1 a5 21. Bc2 Ra7 22. Qg4 Nh6 23. Qg3 Qc7 24. Qxc7+ Rxc7 25. Nf4 Kf7
26. Kh2 g5 27. Nh5 Nf5 28. Bd3 Nd6 29. Re2 h6 30. Rae1 Bd7 31. f4 f5 32. g4 Ne4
33. Rf1 Kg6 34. fxg5 hxg5 35. Ng3 Rcc8 36. Rg2 Rh8 37. Nh5 Rcf8 38. gxf5+ Kxh5
39. Rfg1 Rxf5 40. Be2+ Kg6 41. Bg4 Rf2 0-1

[Event "2.ligaD04/05-11"]
[Site "?"]
[Date "????.??.??"]
[Round "?"]
[White "Holemar, David"]
[Black "Tuma, Jiri"]
[Result "1-0"]
[WhiteElo "2326"]
[BlackElo "2217"]
[PlyCount "131"]
[EventDate "2005.??.??"]

1. d4 d5 2. c4 c6 3. Nc3 Nf6 4. e3 e6 5. Nf3 Nbd7 6. Bd3 dxc4 7. Bxc4 b5 8. Bd3
Bb7 9. e4 b4 10. Na4 c5 11. e5 Nd5 12. Ng5 Be7 13. Qh5 g6 14. Qh6 cxd4 15. Qg7
Rf8 16. Nxh7 Qa5 17. b3 Nc3 18. O-O Nxe5 19. Nxc3 bxc3 20. Rd1 c2 21. Bxc2 Qd5
22. f3 Nxf3+ 23. Kh1 O-O-O 24. Bf4 e5 25. Rac1 Kb8 26. Nxf8 Bxf8 27. Qf6 Re8
28. Bg3 Ne1 29. Qf2 Qxg2+ 30. Qxg2 Nxg2 31. Kg1 f5 32. Bd3 f4 33. Bf2 Ba3 34.
Rc4 Bb2 35. Rb4 Bc3 36. Rxb7+ Kxb7 37. Be4+ Kc7 38. Kxg2 Kd6 39. h4 Kc5 40. Kf3
Re6 41. Rg1 Ra6 42. Bb1 e4+ 43. Kxe4 Kb4 44. Bxd4 Re6+ 45. Kd5 Bxd4 46. Kxd4 f3
47. Be4 Rf6 48. Ke3 Ra6 49. Bb1 Rf6 50. Rxg6 Rf8 51. Kf2 Kc3 52. Be4 Rf4 53.
Bxf3 Rxh4 54. Rc6+ Kb2 55. Ra6 Rh7 56. Ke3 Rc7 57. Kd4 Rg7 58. Bd5 Rc7 59. b4
Rg7 60. b5 Rd7 61. a4 Ka3 62. a5 Kb4 63. b6 axb6 64. axb6 Kb5 65. b7 Kxa6 66.
b8=Q 1-0

[Event "2.ligaD04/05-11"]
[Site "?"]
[Date "????.??.??"]
[Round "?"]
[White "Senkyr, Vladimir"]
[Black "Nehybka, Jiri"]
[Result "1/2-1/2"]
[WhiteElo "2149"]
[BlackElo "2195"]
[PlyCount "118"]
[EventDate "2005.??.??"]

1. Nf3 g6 2. d4 Bg7 3. Nbd2 d5 4. e3 Nf6 5. Bd3 Bg4 6. h3 Bxf3 7. Nxf3 Nbd7 8.
O-O O-O 9. b3 Ne4 10. Bb2 Re8 11. c4 c6 12. Qc2 f5 13. Rac1 Rc8 14. Rfd1 e6 15.
b4 Bf8 16. Qb3 Qe7 17. b5 Rb8 18. Rc2 Nb6 19. Ne5 Nd7 20. cxd5 Nxe5 21. dxe5
cxd5 22. Bd4 b6 23. Bxe4 fxe4 24. Rdc1 Rb7 25. Rc6 Qf7 26. Qd1 Bg7 27. Qg4 Qf5
28. Rc8 Qxg4 29. hxg4 Kf7 30. f4 Bf8 31. Rxe8 Kxe8 32. Rc8+ Kf7 33. a4 Bb4 34.
g5 Rd7 35. Kf2 Be7 36. Ke2 Bd8 37. Bc3 Ke8 38. Bb4 Rc7 39. Ra8 Rc2+ 40. Kd1
Rxg2 41. Bd6 d4 42. exd4 e3 43. Bc7 Rd2+ 44. Ke1 Rxd4 45. Ke2 Rd7 46. Bxd8 Rxd8
47. Rxa7 Rd4 48. a5 bxa5 49. b6 Rb4 50. b7 Kd8 51. Kxe3 a4 52. Rxa4 Rxb7 53.
Ra8+ Kd7 54. Kd4 Rc7 55. Rh8 Kc6 56. Kc4 Ra7 57. Kd4 Rd7+ 58. Ke4 Rc7 59. Re8
Kd7 1/2-1/2

[Event "2.ligaD04/05-11"]
[Site "?"]
[Date "????.??.??"]
[Round "?"]
[White "Skacelik, Petr"]
[Black "Jurek, Miroslav"]
[Result "1-0"]
[WhiteElo "2250"]
[BlackElo "2127"]
[PlyCount "49"]
[EventDate "2005.??.??"]

1. d4 Nf6 2. c4 g6 3. Nc3 Bg7 4. e4 d6 5. f3 O-O 6. Be3 c6 7. Qd2 e5 8. Nge2 a6
9. O-O-O Nbd7 10. Bh6 b5 11. h4 Qa5 12. Bxg7 Kxg7 13. h5 b4 14. Nb1 Qxa2 15.
Ng3 exd4 16. Qxd4 h6 17. Qxd6 a5 18. hxg6 fxg6 19. e5 Ng8 20. Bd3 Ndf6 21.
exf6+ Rxf6 22. Qe5 Ra7 23. Qb8 Rd7 24. Qxc8 Rxd3 25. Qc7+ 1-0

[Event "2.ligaD04/05-11"]
[Site "?"]
[Date "????.??.??"]
[Round "?"]
[White "Belousek, Michal"]
[Black "Cagasik, Tomas"]
[Result "0-1"]
[WhiteElo "2146"]
[BlackElo "2254"]
[PlyCount "136"]
[EventDate "2005.??.??"]

1. d4 d5 2. Nf3 Bf5 3. Bf4 e6 4. e3 Bd6 5. Bg3 Nf6 6. Nbd2 c6 7. c3 Bxg3 8.
hxg3 Qb6 9. Qb3 O-O 10. Nh4 Qxb3 11. axb3 Nbd7 12. f3 h5 13. Nxf5 exf5 14. Bd3
g6 15. b4 a6 16. Nb3 Kg7 17. Na5 Rab8 18. Kd2 Ne8 19. c4 Ndf6 20. c5 Nc7 21.
Rae1 Rfe8 22. Re2 Re7 23. Rhe1 Kf8 24. Kc3 Ke8 25. Nb3 Kd7 26. Nd2 Rbe8 27. Nb1
Ne6 28. Kd2 Ng5 29. Nc3 Rh8 30. Rh1 Ne6 31. Nd1 Ree8 32. Ree1 Ke7 33. Nf2 Rh7
34. Kc3 Reh8 35. Kd2 h4 36. gxh4 Rxh4 37. Rxh4 Rxh4 38. Rh1 Rxh1 39. Nxh1 f4
40. g3 fxe3+ 41. Kxe3 Nh5 42. g4 Nhf4 43. Bf1 Kf6 44. Ng3 Kg5 45. Ne2 Nxe2 46.
Bxe2 Kh4 47. f4 Kg3 48. f5 gxf5 49. gxf5 Ng7 50. f6 Nf5+ 51. Kd3 Kf4 52. Bh5
Nh6 53. Be2 Kg5 54. Ke3 Kxf6 55. Bh5 Kg5 56. Bf3 Ng4+ 57. Kd2 Kf4 58. Bg2 Kg3
59. Bh1 Nh2 60. b5 axb5 61. Kd3 f5 62. Kc3 f4 63. Kb4 f3 64. Bxf3 Nxf3 65. Ka5
Nxd4 66. Kb6 Nb3 67. Kxb7 d4 68. Kxc6 d3 0-1

[Event "2.ligaD04/05-11"]
[Site "?"]
[Date "????.??.??"]
[Round "?"]
[White "Cetkovsky, Petr"]
[Black "Motacek, Vladimir"]
[Result "1/2-1/2"]
[WhiteElo "2140"]
[BlackElo "2061"]
[PlyCount "35"]
[EventDate "2005.??.??"]

1. Nf3 d6 2. d4 g6 3. g3 Nf6 4. Bg2 c6 5. Nbd2 Bg7 6. O-O Bg4 7. h3 Bxf3 8.
Bxf3 Nbd7 9. c3 Qc7 10. a4 O-O 11. Qc2 e5 12. dxe5 dxe5 13. b3 Rad8 14. Ba3
Rfe8 15. Rad1 Bf8 16. Bxf8 Rxf8 17. b4 Kg7 18. a5 1/2-1/2

[Event "2.ligaD04/05-11"]
[Site "?"]
[Date "????.??.??"]
[Round "?"]
[White "Pochyly, Jan"]
[Black "Moulis, Mojmir"]
[Result "0-1"]
[WhiteElo "2022"]
[BlackElo "2106"]
[PlyCount "36"]
[EventDate "2005.??.??"]

1. e4 e5 2. Nc3 Bc5 3. Bc4 Nf6 4. d3 d6 5. Nf3 c6 6. a4 Nbd7 7. O-O O-O 8. d4
exd4 9. Nxd4 Re8 10. f3 d5 11. exd5 cxd5 12. Bb3 Qb6 13. Ncb5 a6 14. Kh1 axb5
15. Nxb5 Ne5 16. Bf4 Bd7 17. Nc3 Bc6 18. Qd2 Nc4 0-1

[Event "2.ligaD04/05-11"]
[Site "?"]
[Date "????.??.??"]
[Round "?"]
[White "Simbera, Jiri"]
[Black "Strnad, Josef"]
[Result "1/2-1/2"]
[WhiteElo "2097"]
[BlackElo "2065"]
[PlyCount "113"]
[EventDate "2005.??.??"]

1. Nf3 e6 2. d4 Nf6 3. Nbd2 b6 4. e4 d5 5. exd5 exd5 6. Bd3 Bg4 7. O-O Be7 8.
h3 Bh5 9. Re1 O-O 10. c3 Nbd7 11. Nf1 c5 12. Ng3 Bg6 13. Nf5 Re8 14. Bf4 Ne4
15. Bxe4 dxe4 16. Nxe7+ Rxe7 17. Ne5 Nxe5 18. dxe5 Rd7 19. Qe2 Rd3 20. Qg4 Qc8
21. Qxc8+ Rxc8 22. h4 h5 23. Rec1 Kf8 24. Kf1 Ke7 25. b4 cxb4 26. cxb4 Rcc3 27.
a4 Ke6 28. a5 Kd5 29. Rxc3 Rxc3 30. axb6 axb6 31. Ra6 e3 32. Ra1 Bd3+ 33. Ke1
exf2+ 34. Kxf2 Ke4 35. g3 Rc2+ 36. Kg1 Rb2 37. Re1+ Kf5 38. e6 fxe6 39. Be5
Rxb4 40. Bxg7 Re4 41. Rxe4 Kxe4 42. Kf2 e5 43. Bf8 Kd4 44. Ba3 Kc3 45. Bd6 Kd4
46. Bf8 b5 47. Be7 Bc4 48. Bb4 Kd3 49. g4 hxg4 50. h5 Bf7 51. h6 Bg6 52. Kg3
Kc4 53. Bd6 e4 54. Kxg4 e3 55. Kf3 Kd3 56. Bb4 Be4+ 57. Kf4 1/2-1/2

[Event "2.ligaD04/05-11"]
[Site "?"]
[Date "????.??.??"]
[Round "?"]
[White "Sykora, Karel"]
[Black "Kubicek, Pavel"]
[Result "1-0"]
[WhiteElo "2119"]
[BlackElo "1891"]
[PlyCount "89"]
[EventDate "2005.??.??"]

1. c4 Nf6 2. Nc3 d5 3. d4 g6 4. g3 Bg7 5. Bg2 c6 6. Nf3 O-O 7. O-O Nbd7 8. cxd5
Nxd5 9. Nxd5 cxd5 10. Bf4 Qb6 11. Qb3 Qxb3 12. axb3 f6 13. Bd2 e5 14. Bb4 e4
15. Nd2 Re8 16. e3 Nb8 17. Rfc1 Nc6 18. Bc5 Bg4 19. Bf1 a6 20. b4 b5 21. Nb3
Rec8 22. Na5 Nd8 23. h3 Bd7 24. Kg2 Kf7 25. Ra2 Bf8 26. Rca1 Bxc5 27. bxc5 Rc7
28. b4 Rca7 29. Be2 Ke6 30. h4 h6 31. g4 f5 32. h5 g5 33. Kg3 fxg4 34. Bxg4+
Ke7 35. f3 Bxg4 36. Kxg4 exf3 37. e4 dxe4 38. Re1 Kf6 39. Rxe4 Ne6 40. d5 Nf4
41. d6 Nd3 42. Kxf3 Ne5+ 43. Kg3 Kf5 44. Re3 g4 45. Rd2 1-0

[Event "2.ligaD04/05-11"]
[Site "?"]
[Date "????.??.??"]
[Round "?"]
[White "Spodny, Josef"]
[Black "Piza, Vlastimil"]
[Result "1/2-1/2"]
[WhiteElo "2039"]
[BlackElo "2284"]
[PlyCount "21"]
[EventDate "2005.??.??"]

1. d4 Nf6 2. Nf3 g6 3. Bg5 Bg7 4. Nbd2 d5 5. e3 O-O 6. Be2 b6 7. O-O Bb7 8. c3
Nbd7 9. a4 c5 10. Qb3 a6 11. Rfd1 1/2-1/2

[Event "2.ligaD04/05-11"]
[Site "?"]
[Date "????.??.??"]
[Round "?"]
[White "Brychta, Jan"]
[Black "Mares, Jaroslav"]
[Result "1/2-1/2"]
[WhiteElo "2171"]
[BlackElo "2089"]
[PlyCount "20"]
[EventDate "2005.??.??"]

1. e4 e6 2. d4 d5 3. Nd2 Nf6 4. e5 Nfd7 5. f4 c5 6. c3 Nc6 7. Ndf3 f5 8. Nh3 c4
9. Nfg5 Qe7 10. b4 b5 1/2-1/2

[Event "2.ligaD04/05-11"]
[Site "?"]
[Date "????.??.??"]
[Round "?"]
[White "Cap, Martin"]
[Black "Svanda, Pavel"]
[Result "1/2-1/2"]
[WhiteElo "2059"]
[BlackElo "2225"]
[PlyCount "20"]
[EventDate "2005.??.??"]

1. Nf3 d5 2. g3 g6 3. Bg2 Bg7 4. d4 Nf6 5. O-O O-O 6. b3 c5 7. c3 Nc6 8. Bb2
cxd4 9. cxd4 Bf5 10. Nc3 Rc8 1/2-1/2

[Event "2.ligaD04/05-11"]
[Site "?"]
[Date "????.??.??"]
[Round "?"]
[White "Zigo, Viktor"]
[Black "Novy, Martin"]
[Result "1/2-1/2"]
[WhiteElo "2274"]
[BlackElo "2117"]
[PlyCount "25"]
[EventDate "2005.??.??"]

1. e4 d5 2. exd5 Qxd5 3. Nc3 Qa5 4. Bc4 c6 5. d4 Bf5 6. Nf3 e6 7. Ne5 Nf6 8.
O-O Bb4 9. Bd2 O-O 10. a3 Bxc3 11. Bxc3 Qc7 12. b4 Nbd7 13. Qe2 1/2-1/2

[Event "2.ligaD04/05-11"]
[Site "?"]
[Date "????.??.??"]
[Round "?"]
[White "Binder, Jaroslav"]
[Black "Sedlacek, Oldrich"]
[Result "1/2-1/2"]
[WhiteElo "1987"]
[BlackElo "2193"]
[PlyCount "27"]
[EventDate "2005.??.??"]

1. e4 c6 2. c4 d5 3. exd5 cxd5 4. d4 Nf6 5. Nc3 g6 6. Nf3 Bg7 7. cxd5 O-O 8.
Bc4 Nbd7 9. Na4 a6 10. Nc3 Nb6 11. Bb3 Nbxd5 12. h3 h6 13. O-O Be6 14. Re1
1/2-1/2

[Event "2.ligaD04/05-11"]
[Site "?"]
[Date "????.??.??"]
[Round "?"]
[White "Kozlicek, Lubomir"]
[Black "Sedlacek, Petr"]
[Result "1/2-1/2"]
[WhiteElo "2147"]
[BlackElo "1987"]
[PlyCount "30"]
[EventDate "2005.??.??"]

1. e4 e5 2. Nf3 Nc6 3. d4 exd4 4. c3 d3 5. Bxd3 d6 6. h3 Be7 7. Be3 Nf6 8. Nbd2
O-O 9. O-O b6 10. Qc2 Bb7 11. Nd4 a6 12. Rad1 Ne5 13. Be2 Re8 14. f4 Ng6 15.
Nf5 Bf8 1/2-1/2

[Event "2.ligaD04/05-11"]
[Site "?"]
[Date "????.??.??"]
[Round "?"]
[White "Sladek, Vladislav"]
[Black "Novotny, Bohuslav"]
[Result "1/2-1/2"]
[WhiteElo "1926"]
[BlackElo "2111"]
[PlyCount "33"]
[EventDate "2005.??.??"]

1. d4 d5 2. c4 e6 3. cxd5 exd5 4. Nc3 Nf6 5. Bg5 Be7 6. e3 O-O 7. Bd3 c6 8. Qc2
Nbd7 9. Nge2 Re8 10. O-O h6 11. Bh4 Ne4 12. Bxe7 Qxe7 13. Rae1 Ndf6 14. f3 Nxc3
15. Nxc3 Be6 16. Qf2 Rad8 17. Kh1 1/2-1/2

[Event "2.ligaD04/05-11"]
[Site "?"]
[Date "????.??.??"]
[Round "?"]
[White "Vachtfeidl, Petr"]
[Black "Krejci, Petr"]
[Result "1/2-1/2"]
[WhiteElo "2091"]
[BlackElo "2185"]
[PlyCount "26"]
[EventDate "2005.??.??"]

1. e4 d6 2. d4 Nf6 3. Nc3 g6 4. Be3 Bg7 5. Qd2 c6 6. Bh6 Bxh6 7. Qxh6 Qb6 8.
O-O-O Nbd7 9. Nf3 a5 10. e5 dxe5 11. dxe5 Ng4 12. Qg7 Rf8 13. Bc4 Nxf2 1/2-1/2

[Event "2.ligaD04/05-11"]
[Site "?"]
[Date "2005.??.??"]
[Round "?"]
[White "Tomasek, Milan"]
[Black "Hladik, Josef"]
[Result "1/2-1/2"]
[WhiteElo "2249"]
[BlackElo "2216"]
[PlyCount "48"]
[EventDate "2005.??.??"]

1. e4 e5 2. Nf3 Nc6 3. d4 exd4 4. Nxd4 Qf6 5. Nxc6 Bc5 6. Qe2 bxc6 7. Nc3 a5 8.
Be3 Ba6 9. Qd2 Bxe3 10. Qxe3 Bxf1 11. Rxf1 Ne7 12. O-O-O Qe6 13. Qd4 f6 14. f4
d6 15. e5 dxe5 16. fxe5 f5 17. Rfe1 Ng6 18. Qc5 Kf7 19. g4 f4 20. Ne2 Rhe8 21.
a3 Kg8 22. Kb1 Qxg4 23. Nd4 Nxe5 24. Nxc6 Nxc6 1/2-1/2